Manpower planning and programming (Record no. 82582)

MARC details
000 -LEADER
fixed length control field 00760nam a2200181 a 4500
008 - FIXED-LENGTH DATA ELEMENTS--GENERAL INFORMATION
fixed length control field 120416s1972 ||||||||||||||||| || u
050 ## - LIBRARY OF CONGRESS CALL NUMBER
Classification number HF 5549 Man
100 ## - MAIN ENTRY--PERSONAL NAME
Personal name Walker, James W
245 10 - TITLE STATEMENT
Title Manpower planning and programming
Statement of responsibility, etc. edited by Elmer H. Burack
260 ## - PUBLICATION, DISTRIBUTION, ETC.
Place of publication, distribution, etc. Boston:
Name of publisher, distributor, etc. Allyn and Bacon
Date of publication, distribution, etc. 1972
300 ## - PHYSICAL DESCRIPTION
Extent xii, 452p. : ill.
350 ## -
-- 0.00
650 #0 - SUBJECT ADDED ENTRY--TOPICAL TERM
Topical term or geographic name entry element PERSONNEL MANAGEMENT
650 #0 - SUBJECT ADDED ENTRY--TOPICAL TERM
Topical term or geographic name entry element MANAGEMENT
700 ## - ADDED ENTRY--PERSONAL NAME
Personal name Burrack, Elemer H
995 ## -
-- BINDERY (DAMAGED)
-- 0.00
-- 006151
-- CBU-MAIN LIBRARY (Kitwe)
-- 2
-- 5.95
-- HF 5549 Man
-- 1
-- DAMAGED
-- 006151
-- Main Library Open Access Collection
995 ## -
-- MAIN LIBRARY OPEN ACCESS
-- 0.00
-- 701085
-- CBU-MAIN LIBRARY (Kitwe)
-- 1
-- 5.95
-- HF 5549 Man
-- 2
-- AVAILABLE
-- 006152
-- Main Library Open Access Collection
999 ## -
-- 82582
-- 82582
Holdings
Withdrawn status Lost status Source of classification or shelving scheme Damaged status Not for loan Permanent Location Current Location Shelving location Date acquired Total Checkouts Full call number Barcode Date last seen Copy number Price effective from Koha item type
          CBU-MAIN LIBRARY, KITWE. CBU-MAIN LIBRARY, KITWE.   09/29/2023   HF 5549 Man 006151 09/29/2023 1 09/29/2023 MONOGRAPH
          CBU-MAIN LIBRARY, KITWE. CBU-MAIN LIBRARY, KITWE.   09/29/2023   HF 5549 Man 006152 09/29/2023 2 09/29/2023 MONOGRAPH